Estadísticas para Once histórico del Real Madrid - ChatGPT

Haz click aquí para intentar la prueba.

Estadísticas generales

  • Esta prueba ha sido intentada 139 veces
  • La puntuación promedio es 10 de 11

Estadísticas de respuestas

Respuesta% Correcto
Iker Casillas
100%
Sergio Ramos
100%
Cristiano Ronaldo
99%
Zinedine Zidane
99%
Raúl González
97%
Roberto Carlos
96%
Fernando Hierro
94%
Alfredo Di Stéfano
90%
Ferenc Puskás
83%
Paco Gento
76%
Chendo
22%

Distribución de puntuación

Porcentaje por número respondido

Porcentaje de gente con cada puntuación

Historial de tus puntuaciones

No has intentado esta prueba.